000 00784nam a22002177a 4500
999 _c2135
_d2135
003 AR-CdUCM
008 190304b ||||| |||| 00| 0 spa d
040 _aMUNICIPALIDAD PROVINCIAL DEL CUSCO
_cBIBLIOTECA MUNICIPAL DEL CUSCO
082 _22ed.
_a869.508 /
_bM87
100 _aMostajo, Francisco
_97701
245 _aPliegos al viento /
260 _aArequipa :
_bMinerva,
_c1958.
300 _a183 paginas ;
_c16 cm.
505 _aLa plegaria de las 10 de la noche -- Cielo, infierno y purgatorio -- Almas distantes -- Cena de Bohemios ...
650 _aCuento peruano
_93686
650 _aArequipa
_91703
650 _aColecciones
_9607
710 _a Instituto de Extensión Cultural de la Universidad de San Agustín, de Arequipa.
_97702
942 _2ddc
_cLIBROS
945 _aacv